000 00886nam a22003137a 4500
001 BR7604406
003 BR-BrBNA
005 20230928085106.0
007 ta
008 230509b bl.||||| |||| 00| 0 por d
040 _aBR-BrBNA
_bpor
_cBiblioteca Nacional de Agricultura
041 _a(Por)
072 _aF28
_b/G514
090 _ F28 BR7604406
110 1 _aEmpresa de Assistencia Tecnica e Extensao Rural do Estado de Goias, Goiania (Brasil)
245 1 _aPratica simples de combate a erosao. Goias [curva de nivel, terraco, Brasil]
260 3 _aGoiania, GO (Brasil):
_c[nd].
300 _a4 p.
500 _aPublished after 1975
650 _aCONSERVACAO DO SOLO
650 _aEROSAO DO SOLO
650 _aTERRACO
650 _aAGUA
650 _aCHUVA
650 _aEROSAO HIDRICA
650 _aGOIAS
909 _a202309
_bLucia
_c55
_dLucia Elande
942 _cBK
999 _c22749
_d22749